<The> Present consumption and characteristics of a Slovak consumer

Štruktúra domácností. Úroveň príjmov domácností. Meranie zadlženosti a úspor domácností. Možnosti spotreby z pohľadu množstva predaja na Slovensku. Orientácia spotreby slovenských domácností je zameraná hlavne na udržanie si súčasného životného štýlu.

Saved in:
Bibliographic Details
Main Author: Kita, Jaroslav
Other Authors: Grossmanová, Marta, Kita, Pavol
Format: Book Chapter
Language:English
Subjects:
Tags: Add Tag
No Tags, Be the first to tag this record!

MARC

LEADER 00000naa$a2200000$$$4500
001 0107396
005 20240502083252.2
041 0 |a eng 
044 |a PL 
245 1 0 |a <The> Present consumption and characteristics of a Slovak consumer  |c Jaroslav Kita, Marta Grossmanová, Pavol Kita 
520 |a Štruktúra domácností. Úroveň príjmov domácností. Meranie zadlženosti a úspor domácností. Možnosti spotreby z pohľadu množstva predaja na Slovensku. Orientácia spotreby slovenských domácností je zameraná hlavne na udržanie si súčasného životného štýlu. 
610 2 0 |a domácnosti 
610 2 0 |a spotreba domácností 
610 2 0 |a príjmy 
610 2 0 |a výdavky 
610 2 0 |a úspory 
610 2 0 |a zadlženosť 
610 2 0 |a Slovensko 
100 1 |a Kita, Jaroslav 
700 1 |a Grossmanová, Marta 
700 1 |a Kita, Pavol